[Event "Idaho Open"]
[Site "Boise, ID"]
[Date "2016.06.19"]
[Round "4.6"]
[White "Hamilton, Brett B"]
[Black "Booth, Tom R"]
[Result "1/2-1/2"]
[WhiteElo "1700"]
[BlackElo "1500"]
[EventRounds "5"]
[EventCountry "USA"]

1. d4 d5 2. c4 e6 3. Nf3 Nf6 4. Nc3 Be7 5. e3 O-O 6. Bd3 dxc4 7. Bxc4 b6 8.
O-O Bb7 9. a3 Nc6 10. b4 Nd5 11. Bb2 Bf6 12. Rc1 Nxc3 13. Bxc3 Ne7 14. Be2 Rc8
15. Ne5 Bxe5 16. dxe5 Qxd1 17. Rfxd1 Nd5 18. Bd4 h6 19. g3 Ne7 20. g4 Rfd8 21.
f4 Kf8 22. Kf2 Kg8 23. Kg3 Kf8 24. h4 Kg8 25. Bf3 Bxf3 26. Kxf3 c5 27. bxc5
bxc5 28. Bc3 Nd5 29. Ba5 Re8 30. Rc2 Nb6 31. Rd6 c4 32. Rd4 Rc5 33. Bxb6 axb6
34. Rdxc4 Ra8 35. Rxc5 bxc5 36. Rc3 Kf8 37. Ke4 Ke7 38. Kd3 Kd7 39. Kc4 Kc6
40. Kb3 Rb8+ 41. Kc4 Ra8 {#d} 1/2-1/2

[Event "Idaho Blitz Chess Championship"]
[Site "Boise, ID"]
[Date "2016.07.16"]
[Round "5.1"]
[White "Hamilton, Brett B"]
[Black "Ruberry, Chip"]
[Result "1-0"]
[WhiteElo "1679"]
[BlackElo "1472"]
[EventType "blitz"]
[EventRounds "8"]
[EventCountry "USA"]

1. d4 Nf6 2. c4 d6 3. Nc3 b6 4. e4 Bb7 5. d5 c6 6. Nf3 g6 7. Bg5 Bg7 8. Bd3
O-O 9. O-O cxd5 10. cxd5 Nbd7 11. b4 a5 12. Rb1 axb4 13. Rxb4 Nc5 14. Bc2 Qc7
15. Re1 Ra3 16. Nb5 Qd7 17. Nxa3 h6 18. Bd2 Rc8 19. Rxb6 Ng4 20. h3 Ne5 21.
Nxe5 Bxe5 22. Bxh6 Bc3 23. Re3 Be5 24. Nc4 Na6 25. Nxe5 dxe5 26. Ba4 Qxa4 27.
Qxa4 Rc1+ 28. Kh2 {#r} 1-0

[Event "Idaho Blitz Chess Championship"]
[Site "Boise, ID"]
[Date "2016.07.16"]
[Round "5.2"]
[White "Ruberry, Chip"]
[Black "Hamilton, Brett B"]
[Result "1-0"]
[WhiteElo "1472"]
[BlackElo "1679"]
[EventType "blitz"]
[EventRounds "8"]
[EventCountry "USA"]

1. e4 e5 2. Nf3 Nc6 3. Bb5 a6 4. Bxc6 dxc6 5. d3 Bg4 6. Bg5 Be7 7. Bxe7 Qxe7
8. Nbd2 Nf6 9. h3 Bd7 {Black played 9...Be6 and clearly let go of the piece
then moved the piece to d7 before hitting the clock. The rules state that
actually the move ...Be6 had to be played since the hand left the piece. But
players were not too familiar with the rules at this time, no claim was made,
plus what happened was not known until after the game was completed, so the
move ... Bd7 stands.--Jeffrey Roland.} 10. O-O O-O 11. Nc4 Nh5 12. Nfxe5 Bxh3
13. Qxh5 Be6 14. f4 b5 15. Nxc6 Qf6 16. N4e5 g6 17. Qg5 Qg7 18. f5 f6 19. Qg3
Bc8 20. Nf3 Bb7 21. Ncd4 Rae8 22. Ne6 Rxe6 23. fxe6 Qe7 24. Qh3 Bc8 25. Rf2
Bxe6 26. Qh6 Qc5 27. Kf1 Qh5 28. Qe3 c5 29. d4 {(Time Forfeit)} {#r} 1-0